Design and simulation of a solar maximum power tracking system for a water pump considering water storage facility / (رقم التسجيلة. 179616)
[ عرض عادي ]
| 000 -LEADER | |
|---|---|
| fixed length control field | 04430namaa22004211i 4500 |
| 003 - CONTROL NUMBER IDENTIFIER | |
| control field | EG-GICUC |
| 005 - أخر تعامل مع التسجيلة | |
| control field | 20260420133833.0 |
| 008 - FIXED-LENGTH DATA ELEMENTS--GENERAL INFORMATION | |
| fixed length control field | 260420s2025 ua a|||frm||| 000 0 eng d |
| 040 ## - CATALOGING SOURCE | |
| Original cataloguing agency | EG-GICUC |
| Language of cataloging | eng |
| Transcribing agency | EG-GICUC |
| Modifying agency | EG-GICUC |
| Description conventions | rda |
| 041 0# - LANGUAGE CODE | |
| Language code of text/sound track or separate title | eng |
| Language code of summary or abstract | eng |
| -- | ara |
| 049 ## - Acquisition Source | |
| Acquisition Source | Deposit |
| 082 04 - DEWEY DECIMAL CLASSIFICATION NUMBER | |
| Classification number | 621.3121 |
| 092 ## - LOCALLY ASSIGNED DEWEY CALL NUMBER (OCLC) | |
| Classification number | 621.3121 |
| Edition number | 21 |
| 097 ## - Degree | |
| Degree | M.Sc |
| 099 ## - LOCAL FREE-TEXT CALL NUMBER (OCLC) | |
| Local Call Number | Cai01.13.07.M.Sc.2025.Ay.D |
| 100 0# - MAIN ENTRY--PERSONAL NAME | |
| Authority record control number or standard number | Aya Mohamed Shaban, |
| Preparation | preparation. |
| 245 10 - TITLE STATEMENT | |
| Title | Design and simulation of a solar maximum power tracking system for a water pump considering water storage facility / |
| Statement of responsibility, etc. | by Aya Mohamed Shaban ; Supervisors Prof. Dr. Mohamed Mohamed Fahim Sakr. |
| 246 15 - VARYING FORM OF TITLE | |
| Title proper/short title | تصميم ومحاكاة نظام تتبع الطاقة الشمسية القصوى لمضخة مياه مع الأخذ في الإعتبار مرافق تخزين المياه |
| 264 #0 - PRODUCTION, PUBLICATION, DISTRIBUTION, MANUFACTURE, AND COPYRIGHT NOTICE | |
| Date of production, publication, distribution, manufacture, or copyright notice | 2025. |
| 300 ## - PHYSICAL DESCRIPTION | |
| Extent | 70 pages : |
| Other physical details | illustrations ; |
| Dimensions | 30 cm. + |
| Accompanying material | CD. |
| 336 ## - CONTENT TYPE | |
| Content type term | text |
| Source | rda content |
| 337 ## - MEDIA TYPE | |
| Media type term | Unmediated |
| Source | rdamedia |
| 338 ## - CARRIER TYPE | |
| Carrier type term | volume |
| Source | rdacarrier |
| 502 ## - DISSERTATION NOTE | |
| Dissertation note | Thesis (Ph.D)-Cairo University, 2025. |
| 504 ## - BIBLIOGRAPHY, ETC. NOTE | |
| Bibliography, etc. note | Bibliography: pages 67-70. |
| 520 #3 - SUMMARY, ETC. | |
| Summary, etc. | PV controller is optimized when combined with loads utilizing <br/>converters. The technique to control the converter is based on algorithms <br/>that have been developed and optimized for detected MPP. Current <br/>researches in this field are focused on new and more flexible ways to <br/>change the size of the duty ratio step. In this thesis, a water pumping <br/>system was designed by determining the land area, climate, and the water <br/>well size to design the size of the motor used and the panels number with <br/>the appropriate type of converter, then designing a step size control unit <br/>for the operating ratio to track MPP of the system. The controller <br/>technique depends on training data which include in voltages that give <br/>MPP for different irradiance ,these data are used to design the rule base <br/>to determine the reference voltage. Finally, different scenarios were <br/>implemented to verify the efficiency of the proposed controller and <br/>compare it with another controller. The results showed that the proposed <br/>controller monitors the MPP in a short time with minimal error under <br/>large changes in environmental conditions than its counterpart |
| 520 #3 - SUMMARY, ETC. | |
| Summary, etc. | في هذا البحث تم تصميم نظام ضخ مياه مع خزان لحفظ الطاقة الزائدة على هئية مياه، اعتمد هذا التصميم على معلومات عن كمية المياه المطلوبة باستخدام برامج من منظمة الفاو للغذاء وبالتالي تم تحديد حجم المحرك وعدد الألواح الشمسية مع نوع محول التيار المناسب، ثم تصميم وحدة تحكم لايجاد اقصى طاقة باستخدام خوارزمية الاستدلال العصيى الضبابى. تعتمد هذه الخوارزمية على بيانات التدريب المتضمنة على اقصى جهد يمكن الحصول عليه من درجات الحرارة و الاشعاع المختلفة، بذلك يتم التدريب على تصميم قاعدة القواعد الخاصة به لتحديد الجهد المرجعي الذي يعطي اقصى طاقة. تم تنفيذ سيناريوهات محاكاة مختلفة للنظام للتحقق من كفاءة الخوارزم المقترح ومقارنته مع خوارزم المنطق الضبابي الكلاسيكي، أظهرت نتائج المحاكاة أن الخوارزم المقترح يصل إلى أقصى نقطة طاقة فى وقت قصير مع أقل خطأ في ظل تغيرات الظروف البيئية مقارنة بنظيره. |
| 530 ## - ADDITIONAL PHYSICAL FORM AVAILABLE NOTE | |
| Issues CD | Issues also as CD. |
| 546 ## - LANGUAGE NOTE | |
| Text Language | Text in English and abstract in Arabic & English. |
| 650 #0 - SUBJECT ADDED ENTRY--TOPICAL TERM | |
| Topical term or geographic name entry element | Solar Power |
| 650 #0 - SUBJECT ADDED ENTRY--TOPICAL TERM | |
| Topical term or geographic name entry element | الطاقة الشمسية |
| 653 #1 - INDEX TERM--UNCONTROLLED | |
| Uncontrolled term | Machine Learning |
| -- | MPPT |
| -- | Fuzzy Logic |
| -- | Solar water pumping system |
| -- | الطاقة الشمسية |
| -- | نظام تتبع القوة القصوى |
| 700 0# - ADDED ENTRY--PERSONAL NAME | |
| Personal name | Mohamed Mohamed Fahim Sakr |
| Relator term | thesis advisor. |
| 900 ## - Thesis Information | |
| Grant date | 01-01-2025 |
| Supervisory body | Mohamed Mohamed Fahim Sakr |
| Discussion body | Mohamed A. Moustafa Hassan |
| -- | Abdel Ghany Mohamed Abdel Ghany |
| Universities | Cairo University |
| Faculties | Faculty of Engineering |
| Department | Department of Electrical Power |
| 905 ## - Cataloger and Reviser Names | |
| Cataloger Name | Shimaa |
| 942 ## - ADDED ENTRY ELEMENTS (KOHA) | |
| Source of classification or shelving scheme | Dewey Decimal Classification |
| Koha item type | Thesis |
| Edition | 21 |
| Suppress in OPAC | No |
| Source of classification or shelving scheme | Home library | Current library | Date acquired | Inventory number | Full call number | Barcode | Date last seen | Effective from | Koha item type |
|---|---|---|---|---|---|---|---|---|---|
| Dewey Decimal Classification | المكتبة المركزبة الجديدة - جامعة القاهرة | قاعة الرسائل الجامعية - الدور الاول | 20.04.2026 | 93831 | Cai01.13.07.M.Sc.2025.Ay.D | 01010110093831000 | 20.04.2026 | 20.04.2026 | Thesis |